People with Two Famous Parents - Statistics

General Stats
  • This quiz has been taken 155 times
  • The average score is 19 of 36
Answer Stats
Famous kid Famous Mom % Correct
Elvis
90%
John
90%
Will
87%
Paul
85%
George
83%
Bruce
80%
Bruce
80%
Bruce
80%
Ozzy
78%
Jaden Smith Jada Pinkett
71%
Lenny
71%
Kelly Osbourne Sharon
67%
Sean Lennon Yoko Ono
66%
Rumer Willis Demi Moore
63%
Stella McCartney Linda
63%
Jeb Bush Barbara
60%
Lisa Marie Presley Priscilla
60%
Ronan Farrow Mia
58%
Don
56%
Tony
53%
Kate Hudson Goldie Hawn
51%
Quincy
46%
Carrie Fisher Debbie Reynolds
45%
Dakota Johnson Melanie Griffith
40%
Woody Allen
40%
Eddie
35%
Isabella Rossellini Ingrid Bergman
33%
Jamie Lee Curtis Janet Leigh
33%
Zoe Kravitz Lisa Bonet
29%
Gwyneth Paltrow Blythe Danner
28%
Roberto
26%
Mariska Hargitay Jayne Mansfield
20%
Rashida Jones Peggy Lipton
16%
Laura Dern Diane Ladd
15%
Mickey
14%
Bill
13%
No matching quizzes found
Score Distribution
Percent of People with Each Score
Percentile by Number Answered
Your Score History
You have not taken this quiz